000 00531nam a2200193Ia 4500
003 GCL
008 140319s9999 xx 000 0 ara d
040 _aGCL /
_cGCL
082 0 4 _a907.2
_bح ت
100 1 _aحسين فوزى النجار
245 1 0 _aالتاريخ والسير /
_cحسين فوزى النجار
300 _a105 ص
490 _aالمكتبة الثقافية
_v0
650 0 4 _aالتراجم
650 0 4 _aالتاريخ
650 0 4 _aالمؤرخون
650 0 4 _aالتأريخ
942 _2ddc
_cBK
999 _c47633
_d47633